Diversidad de situaciones y universalidad de los Derechos

Bibliographic Details
Main Author: Barranco Avilš, M® del Carmen
Format: eBook
Language:Spanish
Published: Madrid : Dykinson, 2011
Subjects:
Online Access:Acceso restringido

MARC

LEADER 00000nam a22000007a 4500
005 20120917162852.0
007 cr|||| ||||
008 120917s2011 sp |||||s|||| 00| 0 spa d
020 |a 978-84-9982-349-2 
035 |a 6314 
040 |a vLex 
090 |c 3423  |d 3423 
100 1 |a Barranco Avilš, M® del Carmen 
245 1 0 |a Diversidad de situaciones y universalidad de los Derechos  |h [Recurso electrn̤ico] /  |c M® del Carmen Barranco Avilš  
256 |a Servicio en ln̕ea 
260 |a Madrid :  |b Dykinson,  |c 2011 
300 |a 1 recurso electrn̤ico 
506 1 |a Contenido solo disponible en los productos indicados  |d vLex Global   |d vLex Global (Academic Edition, excluding Law Schools)   |d vLex Global (U.S. Academic Edition, Law Schools)   |d vLex Global (U.S. Academic Edition, excluding Law Schools)   |d vLex Global (Academic Edition, Law Schools)  
650 0 4 |a Derechos humanos 
740 0 |a vLex Libros (Servicio en ln̕ea) 
856 4 0 |u http://vlex.com/source/diversidad-situaciones-universalidad-derechos-6314  |z Acceso restringido 
942 |c BOOK 
999 0 |a Human rights